Die Zeloten: Untersuchungen zur jüdischen Freiheitsbewegung in der Zeit von Herodes I. bis 70 n. Chr.
Die vorliegende Neuauflage von Martin Hengels epochemachender Untersuchung über die Zeloten und die jüdische Freiheitsbewegung im ersten nachchristlichen Jahrhundert ist auch 50 Jahre nach ihrem Erscheinen für die Forschung noch immer unentbehrlich. In ihr wurde zum ersten Mal im Detail das Profil d...
| Main Author: | |
|---|---|
| Contributors: | |
| Format: | Electronic Book |
| Language: | German |
| Subito Delivery Service: | Order now. |
| Check availability: | HBZ Gateway |
| Interlibrary Loan: | Interlibrary Loan for the Fachinformationsdienste (Specialized Information Services in Germany) |
| Published: |
Tübingen
Mohr Siebeck
2011
|
| In: |
Wissenschaftliche Untersuchungen zum Neuen Testament (283)
Year: 2011 |
| Edition: | 3., durchges. und erg. Aufl. |
| Series/Journal: | Wissenschaftliche Untersuchungen zum Neuen Testament
283 |
| Standardized Subjects / Keyword chains: | B
Zealots (Judaism)
|
| Further subjects: | B
Theology
B Studienliteratur B Classical antiquity B Neues Testament B Josephus, Flavius B Jüdischer Widerstand gegen Rom B Messiaserwartungen im 1. Jahrhundert B Zealots B Antike Religionsgeschichte |
| Online Access: |
Volltext (lizenzpflichtig) Volltext (lizenzpflichtig) Volltext (lizenzpflichtig) |
| Parallel Edition: | Erscheint auch als: 9783161507762 |
MARC
| LEADER | 00000cam a22000002c 4500 | ||
|---|---|---|---|
| 001 | 169438957X | ||
| 003 | DE-627 | ||
| 005 | 20251226182938.0 | ||
| 007 | cr uuu---uuuuu | ||
| 008 | 200412s2011 gw |||||o 00| ||ger c | ||
| 020 | |a 9783161573583 |9 978-3-16-157358-3 | ||
| 024 | 7 | |a 10.1628/978-3-16-157358-3 |2 doi | |
| 035 | |a (DE-627)169438957X | ||
| 035 | |a (DE-599)KXP169438957X | ||
| 035 | |a (PRE)30561 | ||
| 035 | |a (DE-627-1)052014851 | ||
| 040 | |a DE-627 |b ger |c DE-627 |e rda | ||
| 041 | |a ger | ||
| 044 | |c XA-DE-BW | ||
| 082 | 0 | |a 230 |q BSZ | |
| 082 | 0 | |a 296.81 | |
| 082 | 0 | 4 | |a 290 |q DNB |
| 082 | 0 | 4 | |a 230 |
| 084 | |a 1 |2 ssgn | ||
| 084 | |a BD 2510 |2 rvk |0 (DE-625)rvk/9883: | ||
| 084 | |a BC 8800 |2 rvk |0 (DE-625)rvk/9800: | ||
| 084 | |a BC 7550 |2 rvk |0 (DE-625)rvk/9683: | ||
| 084 | |a NY 4300 |2 rvk |0 (DE-625)rvk/132340: | ||
| 100 | 1 | |0 (DE-588)119439786 |0 (DE-627)080253660 |0 (DE-576)161378633 |4 aut |a Hengel, Martin |d 1926-2009 | |
| 109 | |a Hengel, Martin 1926-2009 |a Hengel-Reinhardt, ... 1926-2009 |a Chengelʹ, Martin 1926-2009 |a Hengel-Reinhardt, Martin 1926-2009 | ||
| 245 | 1 | 4 | |a Die Zeloten |b Untersuchungen zur jüdischen Freiheitsbewegung in der Zeit von Herodes I. bis 70 n. Chr. |c Martin Hengel. Hrsg. von Roland Deines ... |
| 250 | |a 3., durchges. und erg. Aufl. | ||
| 264 | 1 | |a Tübingen |b Mohr Siebeck |c 2011 | |
| 300 | |a Online-Ressource (XXII, 573 S.) | ||
| 336 | |a Text |b txt |2 rdacontent | ||
| 337 | |a Computermedien |b c |2 rdamedia | ||
| 338 | |a Online-Ressource |b cr |2 rdacarrier | ||
| 490 | 1 | |a Wissenschaftliche Untersuchungen zum Neuen Testament |v 283 | |
| 520 | |a Die vorliegende Neuauflage von Martin Hengels epochemachender Untersuchung über die Zeloten und die jüdische Freiheitsbewegung im ersten nachchristlichen Jahrhundert ist auch 50 Jahre nach ihrem Erscheinen für die Forschung noch immer unentbehrlich. In ihr wurde zum ersten Mal im Detail das Profil der vierten jüdischen Partei neben den Pharisäern, Sadduzäern und Essenern historisch und theologisch beschrieben. Hengel argumentierte, dass die treibende Kraft hinter dem jüdischen Aufstand gegen Rom nicht in erster Linie soziale Unruhen waren, sondern theologische Motive aus den jüdischen heiligen Schriften, die von den Zeloten in ein konkretes theo-politisches Programm mit messianischen Ansprüchen weiterentwickelt wurden. Wer immer sich mit der jüdischen Geschichte des Heiligen Landes im 1. Jahrhundert unserer Zeitrechnung beschäftigt, kommt an diesem Werk nicht vorbei. Neben seiner Bedeutung für die jüdische Geschichte stellt dieses Buch zugleich den Auftakt für Hengels lebenslange Beschäftigung mit den jüdischen Messiaserwartungen und seinen Studien zum historischen Jesus und der Entstehung der Christologie dar.Die deutsche Neuauflage von 1976 ist seit längerem vergriffen. Noch zu Lebzeiten Martin Hengels und in Absprache mit dem Autor hat sich der Verlag daher entschieden, eine behutsam bearbeitete Neuauflage herauszubringen. Roland Deines skizziert in einem Nachwort die Wirkungsgeschichte des Buches, die durch es ausgelösten Kontroversen sowie den aktuellen Stand der Erforschung des jüdischen Aufstandes gegen Rom.Mit der Aufnahme dieses Titels ist nun das gesamte Werk von Martin Hengel bei Mohr Siebeck erhältlich. | ||
| 520 | |a This new edition of Martin Hengel's classic Die Zeloten (ET The Zealots, 1989) makes a seminal work in the field of Ancient Judaism available again, in German, fifty years after its first appearance. The new edition contains the original text with corrections. An additional appendix by Roland Deines, one of Professor Hengel's students, describes the impact this book has had on the study of the Jewish freedom movement in the first century AD that led to the outbreak of the first Jewish revolt against Rome, and how the scholarly debate has developed since its initial publication. Die Zeloten represents the origin of Hengel's lifelong interest in Jewish messianism and the study of the messianic claims of Jesus. | ||
| 583 | 1 | |a Archivierung/Langzeitarchivierung gewährleistet |f SSG |x XA-DE-BW |2 pdager |5 DE-21 | |
| 601 | |a Untersuchung | ||
| 650 | 4 | |a Neues Testament | |
| 650 | 4 | |a Studienliteratur | |
| 650 | 4 | |a Antike | |
| 650 | 4 | |a Antike Religionsgeschichte | |
| 650 | 4 | |a Josephus, Flavius | |
| 650 | 4 | |a Jüdischer Widerstand gegen Rom | |
| 650 | 4 | |a Messiaserwartungen im 1. Jahrhundert | |
| 650 | 4 | |a Zeloten | |
| 650 | 4 | |a S | |
| 650 | 4 | |a Theologie | |
| 689 | 0 | 0 | |d s |0 (DE-588)4190678-0 |0 (DE-627)105247928 |0 (DE-576)21006837X |2 gnd |a Zeloten |g Judentum |
| 689 | 0 | |5 DE-101 | |
| 700 | 1 | |0 (DE-588)113204884 |0 (DE-627)394702298 |0 (DE-576)166044997 |4 oth |a Deines, Roland |d 1961- | |
| 776 | 1 | |z 9783161507762 | |
| 776 | 0 | 8 | |i Erscheint auch als |n Druckausgabe |z 9783161507762 |
| 830 | 0 | |a Wissenschaftliche Untersuchungen zum Neuen Testament |v 283 |9 283 |w (DE-627)1010830236 |w (DE-576)444603727 |w (DE-600)2916580-5 |x 2568-7476 |7 am | |
| 856 | 4 | 0 | |u https://www.mohrsiebeck.com/10.1628/978-3-16-157358-3 |m X:PRESELECT |x Aggregator |z lizenzpflichtig |7 1 |
| 856 | 4 | 0 | |u https://doi.org/10.1628/978-3-16-157358-3 |m X:PRESELECT |x Resolving-System |z lizenzpflichtig |7 1 |
| 856 | 4 | 0 | |u https://www.mohrsiebeck.com/9783161573583 |m X:PRESELECT |x Aggregator |z lizenzpflichtig |7 1 |
| 912 | |a ZDB-197-MSE | ||
| 912 | |a EBS-197-MSE | ||
| 912 | |a EBS-197-MST |b 2022 | ||
| 912 | |a Preselect-9783161614491 |b 2021 | ||
| 912 | |a ZDB-197-MSRE |b 2015 | ||
| 912 | |a EBS-197-MST |b 2023 | ||
| 912 | |a EBS-197-MST |b 2024 | ||
| 912 | |a EBS-197-MST |b 2025 | ||
| 912 | |a EBS-197-MST |b 2026 | ||
| 936 | r | v | |a BD 2510 |b Darstellungen, allgemein |k Theologie und Religionswissenschaften |k Judaistik |k Religions- und Kulturgeschichte der Juden |k Frühes Judentum (bis ca. 70 n. Chr.) |k Darstellungen, allgemein |0 (DE-627)1270714759 |0 (DE-625)rvk/9883: |0 (DE-576)200714759 |
| 936 | r | v | |a BC 8800 |b Gesamtdarstellungen |k Theologie und Religionswissenschaften |k Bibelwissenschaft |k Israel und das biblische Palästina |k Neutestamentliche Zeitgeschichte |k Gesamtdarstellungen |0 (DE-627)1270714074 |0 (DE-625)rvk/9800: |0 (DE-576)200714074 |
| 936 | r | v | |a BC 7550 |b Reihen, die das NT umfassen |k Theologie und Religionswissenschaften |k Bibelwissenschaft |k Biblische Theologie |k Sammelwerke |k Schriftenreihen |k Reihen, die das NT umfassen |0 (DE-627)1270713248 |0 (DE-625)rvk/9683: |0 (DE-576)200713248 |
| 936 | r | v | |a NY 4300 |b Römisches Reich |k Geschichte |k Geschichte der Juden |k Geschichte der Juden nach Zeitabschnitten und Ländern |k Im Altertum |k Römisches Reich |0 (DE-627)1271486296 |0 (DE-625)rvk/132340: |0 (DE-576)201486296 |
| 950 | |a Publisher collection Mohr Siebeck | ||
| 950 | |a EBS Theologie 2022 | ||
| 950 | |a Retro-Paket-eBook-collection bis 2015 | ||
| 950 | |a Retro-Paket-eBook-collection bis 2015 | ||
| 950 | |a EBS Theologie 2023 | ||
| 950 | |a EBS Theologie 2024 | ||
| 950 | |a EBS Theologie 2025 | ||
| 950 | |a EBS Theologie 2026 | ||
| 951 | |a BO | ||
| BIB | |a 1 | ||
| ELC | |a 1 | ||
| ITA | |a 1 |t 1 | ||
| LOK | |0 000 xxxxxcx a22 zn 4500 | ||
| LOK | |0 001 4728807606 | ||
| LOK | |0 003 DE-627 | ||
| LOK | |0 004 169438957X | ||
| LOK | |0 005 20250528150830 | ||
| LOK | |0 008 250528||||||||||||||||ger||||||| | ||
| LOK | |0 040 |a DE-21 |c DE-627 |d DE-21 | ||
| LOK | |0 092 |o k |p p | ||
| LOK | |0 689 |a s |a eBook-Mohr-Siebeck-EBS-2021 | ||
| LOK | |0 852 |a DE-21 | ||
| LOK | |0 852 1 |9 00 | ||
| LOK | |0 85640 |u https://doi.org/10.1628/978-3-16-157358-3 |z Zugang für die Universität Tübingen | ||
| LOK | |0 912 |a EBS-197-MSE | ||
| LOK | |0 935 |a ebok |a lbok | ||
| LOK | |0 939 |a 28-05-25 |b l01 | ||
| ORI | |a SA-MARC-ixtheoa001.raw | ||
| REL | |a 1 | ||
| STA | 0 | 0 | |a Classical antiquity,Classical antiquity,Antiquity,Civilization, Greco-Roman,Civilization, Classical, in art,Civilization, Greco-Roman, in literature,Civilization, Ancient, in literature,Theology,Theology,Zealots |
| STB | 0 | 0 | |a Antiquité,Antiquité,Théologie,Théologie,Zélotes |
| STC | 0 | 0 | |a Antigüedad,Antigüedad,Teología,Teología,Zelotes |
| STD | 0 | 0 | |a Antichità classica,Antichità classica,Teologia,Teologia,Zeloti |
| STE | 0 | 0 | |a 古典时代,古典时代,古典时期,古典时期,奋锐党,狂热派,神学家 |
| STF | 0 | 0 | |a 古典時代,古典時代,古典時期,古典時期,奮銳黨,狂熱派,神學家 |
| STG | 0 | 0 | |a Antiguidade,Antiguidade,Teologia,Teologia,Zelotes |
| STH | 0 | 0 | |a Античность (мотив),Античность,Богословие (мотив),Богословие,Зелоты (иудаизм) |
| STI | 0 | 0 | |a Αρχαιότητα (μοτίβο),Αρχαιότητα,Ζηλωτές (Ιουδαϊσμός),Θεολογία (μοτίβο),Θεολογία |
| SUB | |a BIB |a REL | ||
| SYE | 0 | 0 | |a Klassisches Altertum , Josephus,Iosephum,Flavio, Giosefo,Flâvîus, Yôsēfûs,Giosefo,Josephe, Flave,Flavio, Josefo,Giosefo, Flavio,Iōsēphos, Flabios,Joseph,Joseph, Flavius,Josefo,Josefo,Josepho, ...,Phlabios,Pʿlaviosi, Ioseb,Iosif, Flavij,Hovsepos,Pʿlavios, Hovsepos,Ioseb P'laviosi,Flavios,Flavius Josephus,Yôsēf Ben-Mattityāhû,Josefo Ebreo,Josepho Judio,Josephos Flavius,Josephus Flavius,Josèphe le Juif,Josèphe,Jozepo,Jozepas, Žydas,YWSP BN GWRYWN,YWSYPWN BN GWRYWN,YWSP BN MTTYHW , Christliche Theologie |